Jenom kuriozita? Jaké mohou být výsledky odpadkologie neboli zbytkové nálezy jako součást marketingového výzkumu
Marketingový výskum štruktúry odpadu - tzv. nová archeológia. Získavanie informácií o spotrebe skúmaním skládok a odpadkov z domácností. Výskum odložených predmetov naznačuje spotrebu podľa sociálnych skupín. Rozdiely pri získavaní informácií otázkami (skreslenie vedomím respondentov) a pozorovaním...
Saved in:
| Main Author: | |
|---|---|
| Format: | Book Chapter |
| Language: | Czech |
| Subjects: | |
| Tags: |
No Tags, Be the first to tag this record!
|
MARC
| LEADER | 00000naa a2200000 4500 | ||
|---|---|---|---|
| 001 | r024125 | ||
| 005 | 20221213082230.7 | ||
| 041 | 0 | |a cze | |
| 044 | |a CZ | ||
| 245 | 1 | 0 | |a Jenom kuriozita? |b Jaké mohou být výsledky odpadkologie neboli zbytkové nálezy jako součást marketingového výzkumu |c J. Koudelka |
| 520 | |a Marketingový výskum štruktúry odpadu - tzv. nová archeológia. Získavanie informácií o spotrebe skúmaním skládok a odpadkov z domácností. Výskum odložených predmetov naznačuje spotrebu podľa sociálnych skupín. Rozdiely pri získavaní informácií otázkami (skreslenie vedomím respondentov) a pozorovaním odpadu. Problém prepojenia odpadu na konkrétneho spotrebiteľa. Kombinácia pozorovania správania spotrebiteľov s otázkami a skúmaním odpadu, napr. pri spoločenských udalostiach. Využitie v inzercii. | ||
| 610 | 2 | 0 | |a marketing |
| 610 | 2 | 0 | |a výskum trhu |
| 610 | 2 | 0 | |a odpad |
| 610 | 2 | 0 | |a správanie |
| 610 | 2 | 0 | |a spotrebitelia |
| 610 | 2 | 0 | |a spotreba |
| 610 | 2 | 0 | |a odpadky |
| 100 | 1 | |a Koudelka, J. | |